|
|
|
|
| LEADER |
02236nam a2200325 a 4500 |
| 001 |
23042 |
| 003 |
BD-DhAAL |
| 008 |
110608r20052002bg b 001 0 ben d |
| 010 |
|
|
|a 2002289261
|
| 020 |
|
|
|a 9840502425
|
| 040 |
|
|
|a DLC
|c DLC
|d BD-DhAAL.
|
| 082 |
0 |
0 |
|a 305.4095492
|2 22
|
| 245 |
0 |
0 |
|a বাংলাদেশের নারী :
|b বর্তমান অবস্থান ও উন্নয়ন প্রসঙ্গ /
|c সম্পাদনা আল মাসুদ হাসানউজ্জামান
|
| 246 |
|
|
|a Bangladesher nari :
|b bartaman abasthan O unnayan prosango
|
| 260 |
|
|
|a ঢাকা :
|b ইউনিভার্সিটি প্রেস লিমিটেড,
|c c২০০২ [পুনর্মুদ্রণ ২০০৫].
|
| 300 |
|
|
|a xx, ৩৪৩ পৃষ্ঠা :
|b চিএ ;
|c ২২ সে.মি.
|
| 504 |
|
|
|a গ্রন্থপঞ্জিগত নির্দেশিকা (পৃষ্ঠা [২৮৩]-৩২৭) ও নির্ঘণ্ট অন্তর্ভুক্ত।
|
| 526 |
|
|
|a BIED
|
| 541 |
|
|
|a Complimentary copy from BIED
|e 23042, 41788
|
| 650 |
|
0 |
|a Women
|z Bangladesh
|x Social conditions.
|
| 650 |
|
0 |
|a Women
|z Bangladesh
|x Economic conditions.
|
| 650 |
|
0 |
|a Women's rights
|z Bangladesh.
|
| 700 |
1 |
|
|a হাসানউজ্জামান, আল মাসুদ.
|9 55616
|
| 852 |
4 |
|
|a Ayesha Abed Library
|c General Stacks
|
| 942 |
|
|
|2 ddc
|c BK
|
| 999 |
|
|
|c 10954
|d 10954
|
| 952 |
|
|
|0 0
|1 0
|2 ddc
|4 0
|6 305_409549200000000_BAN
|7 0
|9 17154
|a BDI
|b BDI
|c GEN
|d 2011-06-08
|e Badhan Books
|g 275.00
|l 0
|o 305.4095492 BAN
|p 3050023042
|r 2011-06-08
|t 1
|w 2011-06-08
|y BK
|x Available
|
| 952 |
|
|
|0 0
|1 0
|2 ddc
|4 0
|6 305_400000000000000_095492_BAN
|7 0
|9 56368
|a SCL
|b SCL
|c GEN
|d 2015-10-20
|g 250.00
|l 2
|m 5
|o 305.4095492 BAN
|p 3020004348
|r 2024-06-09
|s 2023-06-21
|t 2
|w 2015-10-20
|y BK
|
| 952 |
|
|
|0 0
|1 0
|2 ddc
|4 0
|6 305_400000000000000_095492_BAN
|7 0
|9 56406
|a SCL
|b SCL
|c GEN
|d 2015-10-23
|g 250.00
|l 1
|o 305.4095492 BAN
|p 3020004145
|r 2019-08-27
|s 2019-08-26
|t 3
|w 2015-10-23
|y BK
|
| 952 |
|
|
|0 0
|1 0
|2 ddc
|4 0
|6 305_409549200000000_BAN
|7 0
|9 74478
|a BRACUL
|b BRACUL
|c GEN
|d 2023-10-01
|e Complimentary copy from BIED
|g 250.00
|l 0
|o 305.4095492 BAN
|p 3010041788
|r 2023-10-01
|t 4
|w 2023-10-01
|y BK
|x Transferred from BIED to General Stacks
|